[Event "Grand Swiss "]
[Date "2025.09.06"]
[White "Grandelius, Nils"]
[Black "Aditya Mittal"]
[WhiteElo "2648"]
[BlackElo "2589"]
[Round "3.3.35"]
[Result "0-1"]

1. c4 {[%clk 01:40:35] [%emt 00:00:23]} e6 {[%clk 01:40:59] [%emt 00:00:02]} 2.
Nc3 {[%clk 01:40:14] [%emt 00:00:50]} d5 {[%clk 01:41:27] [%emt 00:00:03]} 3. d4
{[%clk 01:40:29] [%emt 00:00:14]} Nf6 {[%clk 01:41:55] [%emt 00:00:03]} 4. cxd5
{[%clk 01:40:31] [%emt 00:00:27]} exd5 {[%clk 01:42:23] [%emt 00:00:03]} 5. Bg5
{[%clk 01:40:46] [%emt 00:00:14]} Be7 {[%clk 01:42:51] [%emt 00:00:03]} 6. e3
{[%clk 01:39:55] [%emt 00:01:21]} O-O {[%clk 01:43:18] [%emt 00:00:03]} 7. Bd3
{[%clk 01:38:15] [%emt 00:02:10]} Re8 {[%clk 01:43:47] [%emt 00:00:02]} 8. h3
{[%clk 01:31:37] [%emt 00:07:07]} h6 {[%clk 01:35:24] [%emt 00:08:53]} 9. Bf4
{[%clk 01:30:46] [%emt 00:01:21]} c5 {[%clk 01:34:51] [%emt 00:01:04]} 10. Nf3
{[%clk 01:23:58] [%emt 00:07:17]} Nc6 {[%clk 01:29:51] [%emt 00:05:30]} 11. Bb5
{[%clk 01:14:44] [%emt 00:09:44]} cxd4 {[%clk 01:10:11] [%emt 00:20:10]} 12.
Nxd4 {[%clk 01:14:15] [%emt 00:00:58]} Bd7 {[%clk 01:10:37] [%emt 00:00:05]} 13.
O-O {[%clk 01:10:53] [%emt 00:03:51]} Bb4 {[%clk 01:06:42] [%emt 00:04:26]} 14.
Nde2 {[%clk 01:03:12] [%emt 00:08:10]} Qb6 {[%clk 01:02:33] [%emt 00:04:39]} 15.
a3 {[%clk 00:50:54] [%emt 00:12:48]} Bxc3 {[%clk 00:59:58] [%emt 00:03:06]} 16.
Nxc3 {[%clk 00:51:03] [%emt 00:00:21]} Rad8 {[%clk 00:57:35] [%emt 00:02:53]}
17. Be2 {[%clk 00:47:21] [%emt 00:04:11]} d4 {[%clk 00:48:11] [%emt 00:09:55]}
18. Na4 {[%clk 00:42:37] [%emt 00:05:13]} Qa5 {[%clk 00:48:40] [%emt 00:00:02]}
19. b4 {[%clk 00:42:25] [%emt 00:00:42]} Qf5 {[%clk 00:44:43] [%emt 00:04:27]}
20. Bd3 {[%clk 00:36:20] [%emt 00:06:35]} Qd5 {[%clk 00:42:19] [%emt 00:02:54]}
21. Nc5 {[%clk 00:26:58] [%emt 00:09:51]} dxe3 {[%clk 00:32:26] [%emt 00:10:24]}
22. fxe3 {[%clk 00:26:20] [%emt 00:01:07]} Ne5 {[%clk 00:29:40] [%emt 00:03:16]}
23. Be2 {[%clk 00:24:27] [%emt 00:02:24]} Bc6 {[%clk 00:27:00] [%emt 00:03:10]}
24. Qxd5 {[%clk 00:24:12] [%emt 00:00:45]} Nxd5 {[%clk 00:26:44] [%emt
00:00:46]} 25. Rac1 {[%clk 00:05:12] [%emt 00:19:30]} Ng6 {[%clk 00:23:18] [%emt
00:03:56]} 26. Bf3 {[%clk 00:02:51] [%emt 00:02:51]} Ndxf4 {[%clk 00:19:30]
[%emt 00:04:18]} 27. exf4 {[%clk 00:01:40] [%emt 00:01:41]} Bxf3 {[%clk
00:15:12] [%emt 00:04:48]} 28. Rxf3 {[%clk 00:02:08]} b6 {[%clk 00:15:13] [%emt
00:00:30]} 29. Nb3 {[%clk 00:01:09] [%emt 00:01:29]} Re2 {[%clk 00:13:53] [%emt
00:01:50]} 30. a4 {[%clk 00:00:37] [%emt 00:01:02]} Rb2 {[%clk 00:13:21] [%emt
00:01:01]} 31. g3 {[%clk 00:00:33] [%emt 00:00:35]} Re8 {[%clk 00:13:14] [%emt
00:00:37]} 32. Rcc3 {[%clk 00:00:31] [%emt 00:00:32]} Re1+ {[%clk 00:12:13]
[%emt 00:01:31]} 33. Rf1 {[%clk 00:01:00] [%emt 00:00:01]} Ree2 {[%clk 00:12:37]
[%emt 00:00:06]} 34. Rd1 {[%clk 00:00:58] [%emt 00:00:32]} Rg2+ {[%clk 00:10:56]
[%emt 00:02:11]} 35. Kh1 {[%clk 00:01:24] [%emt 00:00:04]} Rh2+ {[%clk 00:10:10]
[%emt 00:01:16]} 36. Kg1 {[%clk 00:01:53]} Rbg2+ {[%clk 00:08:23] [%emt
00:02:17]} 37. Kf1 {[%clk 00:02:22] [%emt 00:00:01]} Ra2 {[%clk 00:08:47] [%emt
00:00:06]} 38. Kg1 {[%clk 00:02:43] [%emt 00:00:08]} Rxh3 {[%clk 00:08:52] [%emt
00:00:26]} 39. Rd2 {[%clk 00:00:52] [%emt 00:02:20]} Rxa4 {[%clk 00:08:21] [%emt
00:01:02]} 40. f5 {[%clk 00:00:45] [%emt 00:00:37]} Ne7 {[%clk 00:03:45] [%emt
00:05:06]} 41. Rd8+ {[%clk 00:42:48] [%emt 00:08:26]} Kh7 {[%clk 00:53:48] [%emt
00:00:28]} 42. Nd4 {[%clk 00:42:16] [%emt 00:01:02]} Rxb4 {[%clk 00:48:23] [%emt
00:05:55]} 43. Kg2 {[%clk 00:32:51] [%emt 00:09:54]} Rh5 {[%clk 00:48:34] [%emt
00:00:19]} 44. f6 {[%clk 00:32:10] [%emt 00:01:10]} Nd5 {[%clk 00:40:55] [%emt
00:08:10]} 45. fxg7 {[%clk 00:30:46] [%emt 00:01:54]} Kxg7 {[%clk 00:41:03]
[%emt 00:00:23]} 46. Rd3 {[%clk 00:31:08] [%emt 00:00:08]} Nf6 {[%clk 00:36:00]
[%emt 00:05:33]} 47. Rf3 {[%clk 00:29:15] [%emt 00:02:22]} Rb2+ {[%clk 00:34:41]
[%emt 00:01:50]} 48. Kg1 {[%clk 00:29:36] [%emt 00:00:09]} Rd5 {[%clk 00:32:43]
[%emt 00:02:28]} 49. Nf5+ {[%clk 00:29:32] [%emt 00:00:33]} Kh7 {[%clk 00:33:08]
[%emt 00:00:06]} 0-1

[Site "Europe Echecs"]

[Event "Grand Swiss "]
[Date "2025.09.06"]
[White "Kollars, Dmitrij"]
[Black "Pranav, V"]
[WhiteElo "2647"]
[BlackElo "2596"]
[Round "3.3.36"]
[Result "0-1"]

1. e4 {[%clk 01:40:55] [%emt 00:00:03]} e5 {[%clk 01:40:53] [%emt 00:00:08]} 2.
Nf3 {[%clk 01:41:19] [%emt 00:00:07]} Nc6 {[%clk 01:41:14] [%emt 00:00:08]} 3.
d4 {[%clk 01:41:24] [%emt 00:00:25]} exd4 {[%clk 01:41:34] [%emt 00:00:10]} 4.
Nxd4 {[%clk 01:41:47] [%emt 00:00:05]} Bc5 {[%clk 01:41:48] [%emt 00:00:18]} 5.
Be3 {[%clk 01:41:45] [%emt 00:00:33]} Qf6 {[%clk 01:40:42] [%emt 00:01:36]} 6.
c3 {[%clk 01:41:54] [%emt 00:00:21]} Nge7 {[%clk 01:40:13] [%emt 00:00:58]} 7.
Bc4 {[%clk 01:41:32] [%emt 00:00:51]} Ne5 {[%clk 01:33:24] [%emt 00:07:20]} 8.
Be2 {[%clk 01:41:23] [%emt 00:00:38]} d6 {[%clk 01:32:37] [%emt 00:01:19]} 9.
O-O {[%clk 01:40:55] [%emt 00:00:58]} Qg6 {[%clk 01:28:44] [%emt 00:04:22]} 10.
f3 {[%clk 01:39:40] [%emt 00:01:45]} O-O {[%clk 01:22:16] [%emt 00:06:58]} 11.
Nd2 {[%clk 01:39:18] [%emt 00:00:52]} d5 {[%clk 01:17:21] [%emt 00:05:26]} 12.
Kh1 {[%clk 01:37:20] [%emt 00:02:28]} dxe4 {[%clk 01:15:48] [%emt 00:02:03]} 13.
Nxe4 {[%clk 01:37:00] [%emt 00:00:49]} Bb6 {[%clk 01:14:25] [%emt 00:01:53]} 14.
Bf2 {[%clk 01:22:08] [%emt 00:15:22]} Nf5 {[%clk 01:02:19] [%emt 00:12:36]} 15.
Qb3 {[%clk 01:15:55] [%emt 00:06:43]} Nxd4 {[%clk 00:57:17] [%emt 00:05:32]} 16.
cxd4 {[%clk 01:15:40] [%emt 00:00:45]} Be6 {[%clk 00:53:56] [%emt 00:03:51]} 17.
d5 {[%clk 01:10:08] [%emt 00:06:02]} Bf5 {[%clk 00:52:34] [%emt 00:01:52]} 18.
Nc5 {[%clk 01:03:14] [%emt 00:07:24]} Rfe8 {[%clk 00:44:46] [%emt 00:08:18]} 19.
Qc3 {[%clk 00:45:39] [%emt 00:18:06]} Bxc5 {[%clk 00:31:30] [%emt 00:13:46]} 20.
Bxc5 {[%clk 00:45:52] [%emt 00:00:16]} Bd3 {[%clk 00:30:19] [%emt 00:01:41]} 21.
Rfe1 {[%clk 00:39:36] [%emt 00:06:46]} Bxe2 {[%clk 00:29:46] [%emt 00:01:03]}
22. Rxe2 {[%clk 00:40:03] [%emt 00:00:03]} Nd3 {[%clk 00:29:35] [%emt 00:00:41]}
23. Rd2 {[%clk 00:38:24] [%emt 00:02:07]} Nxc5 {[%clk 00:29:30] [%emt 00:00:37]}
24. Qxc5 {[%clk 00:38:48] [%emt 00:00:06]} Qg5 {[%clk 00:29:22] [%emt 00:00:37]}
25. Qf2 {[%clk 00:24:57] [%emt 00:14:21]} Rad8 {[%clk 00:28:20] [%emt 00:01:32]}
26. Rad1 {[%clk 00:25:00] [%emt 00:00:28]} a6 {[%clk 00:28:01] [%emt 00:00:49]}
27. h4 {[%clk 00:22:54] [%emt 00:02:36]} Qf6 {[%clk 00:28:11] [%emt 00:00:21]}
28. Qd4 {[%clk 00:22:28] [%emt 00:00:53]} Qd6 {[%clk 00:28:24] [%emt 00:00:19]}
29. Kg1 {[%clk 00:20:16] [%emt 00:02:42]} Re5 {[%clk 00:26:58] [%emt 00:01:56]}
30. Kf2 {[%clk 00:18:04] [%emt 00:02:42]} h6 {[%clk 00:25:02] [%emt 00:02:26]}
31. b4 {[%clk 00:12:30] [%emt 00:06:05]} Qf6 {[%clk 00:23:29] [%emt 00:02:02]}
32. Kg3 {[%clk 00:07:49] [%emt 00:05:11]} Rd6 {[%clk 00:20:20] [%emt 00:03:39]}
33. Qf4 {[%clk 00:07:55] [%emt 00:00:24]} Qe7 {[%clk 00:20:29] [%emt 00:00:21]}
34. Kh2 {[%clk 00:07:17] [%emt 00:01:09]} Rh5 {[%clk 00:15:45] [%emt 00:05:13]}
35. g3 {[%clk 00:07:14] [%emt 00:00:34]} Qd8 {[%clk 00:15:21] [%emt 00:00:53]}
36. Rc2 {[%clk 00:03:51] [%emt 00:03:53]} Qd7 {[%clk 00:11:23] [%emt 00:04:28]}
37. Qg4 {[%clk 00:03:04] [%emt 00:01:17]} Qxg4 {[%clk 00:04:24] [%emt 00:07:29]}
38. fxg4 {[%clk 00:03:33] [%emt 00:00:01]} Rhxd5 {[%clk 00:04:46] [%emt
00:00:08]} 39. Rxd5 {[%clk 00:03:20] [%emt 00:00:44]} Rxd5 {[%clk 00:05:10]
[%emt 00:00:06]} 40. Rxc7 {[%clk 00:03:46] [%emt 00:00:03]} Rd2+ {[%clk
00:04:11] [%emt 00:01:29]} 41. Kh3 {[%clk 00:01:30] [%emt 00:02:46]} b5 {[%clk
00:04:30] [%emt 00:00:11]} 42. Rc8+ {[%clk 00:26:50] [%emt 00:25:10]} Kh7 {[%clk
00:54:57] [%emt 00:00:02]} 43. Rc7 {[%clk 00:24:14] [%emt 00:03:06]} f6 {[%clk
00:54:27] [%emt 00:01:01]} 44. a4 {[%clk 00:24:25] [%emt 00:00:19]} bxa4 {[%clk
00:54:40] [%emt 00:00:17]} 45. Rc5 {[%clk 00:24:08] [%emt 00:00:46]} Rb2 {[%clk
00:52:51] [%emt 00:02:20]} 46. Ra5 {[%clk 00:24:26] [%emt 00:00:12]} Rxb4 {[%clk
00:52:19] [%emt 00:01:03]} 47. Rxa6 {[%clk 00:24:48] [%emt 00:00:08]} Rd4 {[%clk
00:45:44] [%emt 00:07:04]} 48. Ra7 {[%clk 00:19:43] [%emt 00:05:35]} Kg8 {[%clk
00:45:22] [%emt 00:00:52]} 49. Ra8+ {[%clk 00:11:30] [%emt 00:08:43]} Kf7 {[%clk
00:45:46] [%emt 00:00:07]} 50. Ra7+ {[%clk 00:11:56] [%emt 00:00:03]} Ke6 {[%clk
00:43:06] [%emt 00:03:09]} 51. Rxg7 {[%clk 00:12:11] [%emt 00:00:15]} Rd7 {[%clk
00:43:27] [%emt 00:00:10]} 52. Rg8 {[%clk 00:06:47] [%emt 00:05:54]} Ra7 {[%clk
00:43:50] [%emt 00:00:07]} 53. Re8+ {[%clk 00:06:45] [%emt 00:00:32]} Kf7 {[%clk
00:44:05] [%emt 00:00:15]} 54. Re2 {[%clk 00:04:27] [%emt 00:02:48]} a3 {[%clk
00:44:29] [%emt 00:00:06]} 55. Ra2 {[%clk 00:04:53] [%emt 00:00:04]} Ra4 {[%clk
00:44:16] [%emt 00:00:43]} 0-1

[Site "Europe Echecs"]

[Event "Grand Swiss "]
[Date "2025.09.06"]
[White "Ivanchuk, Vasyl"]
[Black "Lu, Shanglei"]
[WhiteElo "2608"]
[BlackElo "2647"]
[Round "3.3.37"]
[Result "1-0"]

1. d4 {[%clk 01:40:57] [%emt 00:00:02]} Nf6 {[%clk 01:40:50] [%emt 00:00:09]} 2.
c4 {[%clk 01:41:22] [%emt 00:00:06]} e6 {[%clk 01:41:16] [%emt 00:00:04]} 3. Nf3
{[%clk 01:41:47] [%emt 00:00:04]} d5 {[%clk 01:41:42] [%emt 00:00:04]} 4. Nc3
{[%clk 01:42:11] [%emt 00:00:06]} dxc4 {[%clk 01:41:44] [%emt 00:00:28]} 5. e4
{[%clk 01:42:37] [%emt 00:00:05]} Bb4 {[%clk 01:42:07] [%emt 00:00:07]} 6. Bxc4
{[%clk 01:43:04] [%emt 00:00:03]} Nxe4 {[%clk 01:42:28] [%emt 00:00:09]} 7. O-O
{[%clk 01:43:29] [%emt 00:00:05]} Nf6 {[%clk 01:42:41] [%emt 00:00:18]} 8. Qa4+
{[%clk 01:43:42] [%emt 00:00:17]} Nc6 {[%clk 01:43:06] [%emt 00:00:05]} 9. Ne5
{[%clk 01:44:04] [%emt 00:00:08]} Bd6 {[%clk 01:43:31] [%emt 00:00:05]} 10. Nxc6
{[%clk 01:44:17] [%emt 00:00:18]} bxc6 {[%clk 01:43:58] [%emt 00:00:03]} 11.
Qxc6+ {[%clk 01:44:28] [%emt 00:00:19]} Bd7 {[%clk 01:44:25] [%emt 00:00:03]}
12. Qf3 {[%clk 01:44:50] [%emt 00:00:07]} h6 {[%clk 01:44:52] [%emt 00:00:03]}
13. b3 {[%clk 01:40:57] [%emt 00:04:23]} O-O {[%clk 01:43:42] [%emt 00:01:40]}
14. a4 {[%clk 01:41:24] [%emt 00:00:04]} c5 {[%clk 01:10:00] [%emt 00:34:12]}
15. d5 {[%clk 01:22:39] [%emt 00:19:14]} e5 {[%clk 01:10:03] [%emt 00:00:27]}
16. Re1 {[%clk 01:09:50] [%emt 00:13:19]} Re8 {[%clk 01:04:04] [%emt 00:06:29]}
17. Ra2 {[%clk 00:51:49] [%emt 00:18:32]} Qb6 {[%clk 00:51:41] [%emt 00:12:54]}
18. g3 {[%clk 00:40:51] [%emt 00:11:26]} Re7 {[%clk 00:42:59] [%emt 00:09:13]}
19. Qg2 {[%clk 00:34:46] [%emt 00:06:34]} Rae8 {[%clk 00:38:09] [%emt 00:05:20]}
20. Rae2 {[%clk 00:31:28] [%emt 00:03:48]} Kh8 {[%clk 00:31:16] [%emt 00:07:23]}
21. Bb2 {[%clk 00:25:04] [%emt 00:06:53]} a6 {[%clk 00:22:43] [%emt 00:09:05]}
22. h4 {[%clk 00:21:30] [%emt 00:04:03]} Bf5 {[%clk 00:21:21] [%emt 00:01:52]}
23. Nd1 {[%clk 00:17:32] [%emt 00:04:24]} Bg6 {[%clk 00:16:45] [%emt 00:05:10]}
24. Ne3 {[%clk 00:16:31] [%emt 00:01:31]} e4 {[%clk 00:14:31] [%emt 00:02:45]}
25. Qh3 {[%clk 00:12:13] [%emt 00:04:47]} Be5 {[%clk 00:12:12] [%emt 00:02:50]}
26. Bxe5 {[%clk 00:12:33] [%emt 00:00:09]} Rxe5 {[%clk 00:12:41] [%emt
00:00:02]} 27. Rd2 {[%clk 00:13:02]} Rd8 {[%clk 00:06:36] [%emt 00:06:36]} 28.
d6 {[%clk 00:07:37] [%emt 00:05:54]} Qc6 {[%clk 00:03:44] [%emt 00:03:22]} 29.
Red1 {[%clk 00:06:21] [%emt 00:01:45]} Rd7 {[%clk 00:04:07] [%emt 00:00:08]} 30.
Qf1 {[%clk 00:04:42] [%emt 00:02:09]} Ra7 {[%clk 00:04:22] [%emt 00:00:16]} 31.
Qe2 {[%clk 00:02:57] [%emt 00:02:14]} Qd7 {[%clk 00:03:23] [%emt 00:01:30]} 32.
g4 {[%clk 00:02:21] [%emt 00:01:06]} h5 {[%clk 00:03:33] [%emt 00:00:21]} 33.
Bxa6 {[%clk 00:00:54] [%emt 00:01:57]} hxg4 {[%clk 00:03:46] [%emt 00:00:16]}
34. Bb5 {[%clk 00:01:05] [%emt 00:00:20]} Qd8 {[%clk 00:04:14] [%emt 00:00:01]}
35. d7 {[%clk 00:01:05] [%emt 00:00:30]} Kh7 {[%clk 00:02:08] [%emt 00:02:36]}
36. Nxg4 {[%clk 00:00:43] [%emt 00:00:52]} Nxg4 {[%clk 00:00:51] [%emt
00:01:48]} 37. Qxg4 {[%clk 00:01:11] [%emt 00:00:01]} Bh5 {[%clk 00:01:00] [%emt
00:00:22]} 38. Qf4 {[%clk 00:01:08] [%emt 00:00:32]} Re6 {[%clk 00:01:28] [%emt
00:00:01]} 39. Re1 {[%clk 00:00:35] [%emt 00:01:02]} Bf3 {[%clk 00:01:50] [%emt
00:00:09]} 40. Kf1 {[%clk 00:00:34] [%emt 00:00:32]} Kg8 {[%clk 00:00:34] [%emt
00:01:47]} 41. Qg5 {[%clk 00:34:58] [%emt 00:16:04]} Ra8 {[%clk 00:48:34] [%emt
00:02:31]} 42. Rd5 {[%clk 00:27:25] [%emt 00:08:03]} Re7 {[%clk 00:39:33] [%emt
00:09:31]} 43. Re3 {[%clk 00:14:13] [%emt 00:13:40]} g6 {[%clk 00:29:44] [%emt
00:10:20]} 44. h5 {[%clk 00:12:49] [%emt 00:01:53]} Kg7 {[%clk 00:27:37] [%emt
00:02:37]} 45. hxg6 {[%clk 00:07:11] [%emt 00:06:07]} f6 {[%clk 00:23:18] [%emt
00:04:50]} 46. Qh4 {[%clk 00:07:17] [%emt 00:00:21]} Kxg6 {[%clk 00:20:40] [%emt
00:03:10]} 47. Rxf3 {[%clk 00:07:10] [%emt 00:00:37]} exf3 {[%clk 00:21:02]
[%emt 00:00:09]} 48. Qg4+ {[%clk 00:06:38] [%emt 00:01:01]} Kf7 {[%clk 00:21:27]
[%emt 00:00:04]} 49. Bc4 {[%clk 00:06:28] [%emt 00:00:41]} Kf8 {[%clk 00:20:49]
[%emt 00:01:08]} 50. Rh5 {[%clk 00:06:13] [%emt 00:00:46]} 1-0

[Site "Europe Echecs"]

[Event "Grand Swiss "]
[Date "2025.09.06"]
[White "Narayanan S L"]
[Black "Theodorou, Nikolas"]
[WhiteElo "2591"]
[BlackElo "2646"]
[Round "3.3.38"]
[Result "1/2-1/2"]

1. d4 {[%clk 01:40:52] [%emt 00:00:07]} Nf6 {[%clk 01:40:54] [%emt 00:00:07]} 2.
c4 {[%clk 01:41:16] [%emt 00:00:05]} e6 {[%clk 01:41:20] [%emt 00:00:04]} 3. Nf3
{[%clk 01:41:22] [%emt 00:00:23]} d5 {[%clk 01:41:45] [%emt 00:00:06]} 4. Nc3
{[%clk 01:41:37] [%emt 00:00:16]} Nbd7 {[%clk 01:42:11] [%emt 00:00:05]} 5. Bg5
{[%clk 01:40:49] [%emt 00:01:16]} h6 {[%clk 01:41:56] [%emt 00:00:46]} 6. Bh4
{[%clk 01:41:11] [%emt 00:00:08]} Be7 {[%clk 01:42:21] [%emt 00:00:05]} 7. e3
{[%clk 01:41:06] [%emt 00:00:35]} O-O {[%clk 01:42:30] [%emt 00:00:21]} 8. Qc2
{[%clk 01:40:27] [%emt 00:01:08]} c5 {[%clk 01:42:40] [%emt 00:00:21]} 9. dxc5
{[%clk 01:40:28] [%emt 00:00:29]} dxc4 {[%clk 01:40:56] [%emt 00:02:14]} 10.
Bxc4 {[%clk 01:39:43] [%emt 00:01:15]} Qa5 {[%clk 01:38:40] [%emt 00:02:47]} 11.
O-O {[%clk 01:28:47] [%emt 00:11:26]} Qxc5 {[%clk 01:38:22] [%emt 00:00:47]} 12.
Qe2 {[%clk 01:25:51] [%emt 00:03:25]} a6 {[%clk 01:26:21] [%emt 00:12:33]} 13.
Bd3 {[%clk 01:15:49] [%emt 00:10:31]} b5 {[%clk 01:19:25] [%emt 00:07:27]} 14.
a4 {[%clk 01:06:08] [%emt 00:10:10]} bxa4 {[%clk 00:46:06] [%emt 00:33:49]} 15.
Rxa4 {[%clk 01:05:41] [%emt 00:00:57]} Bb7 {[%clk 00:46:32] [%emt 00:00:05]} 16.
Bxa6 {[%clk 00:43:16] [%emt 00:22:54]} Bxa6 {[%clk 00:41:42] [%emt 00:05:20]}
17. Rxa6 {[%clk 00:43:42] [%emt 00:00:04]} Rxa6 {[%clk 00:42:08] [%emt
00:00:04]} 18. Qxa6 {[%clk 00:44:09] [%emt 00:00:03]} Qb4 {[%clk 00:41:54] [%emt
00:00:43]} 19. Rb1 {[%clk 00:36:07] [%emt 00:08:30]} Rb8 {[%clk 00:42:19] [%emt
00:00:06]} 20. Qf1 {[%clk 00:34:27] [%emt 00:02:09]} Bd6 {[%clk 00:42:45] [%emt
00:00:05]} 21. Nd4 {[%clk 00:30:23] [%emt 00:04:34]} Rb6 {[%clk 00:38:27] [%emt
00:04:48]} 22. Qd1 {[%clk 00:27:33] [%emt 00:03:20]} Be5 {[%clk 00:34:57] [%emt
00:04:01]} 23. Bg3 {[%clk 00:26:48] [%emt 00:01:14]} Bxg3 {[%clk 00:34:05] [%emt
00:01:23]} 24. hxg3 {[%clk 00:27:14] [%emt 00:00:04]} Ne5 {[%clk 00:34:12] [%emt
00:00:23]} 25. Qc2 {[%clk 00:26:53] [%emt 00:00:51]} Neg4 {[%clk 00:31:41] [%emt
00:03:01]} 26. Ne4 {[%clk 00:19:38] [%emt 00:07:45]} Nxe4 {[%clk 00:26:34] [%emt
00:05:36]} 27. Qxe4 {[%clk 00:20:06] [%emt 00:00:02]} h5 {[%clk 00:26:49] [%emt
00:00:15]} 28. Qc2 {[%clk 00:19:05] [%emt 00:01:31]} g6 {[%clk 00:25:47] [%emt
00:01:32]} 29. Nf3 {[%clk 00:16:30] [%emt 00:03:04]} e5 {[%clk 00:25:40] [%emt
00:00:38]} 30. Nh2 {[%clk 00:11:49] [%emt 00:05:11]} Nf6 {[%clk 00:25:18] [%emt
00:00:52]} 31. Nf3 {[%clk 00:10:58] [%emt 00:01:20]} Ng4 {[%clk 00:25:05] [%emt
00:00:43]} 32. Nh2 {[%clk 00:07:03] [%emt 00:04:25]} Nf6 {[%clk 00:25:13] [%emt
00:00:22]} 1/2-1/2

[Site "Europe Echecs"]

[Event "Grand Swiss "]
[Date "2025.09.06"]
[White "Zemlyanskii, Ivan"]
[Black "Rodshtein, Maxim"]
[WhiteElo "2586"]
[BlackElo "2645"]
[Round "3.3.39"]
[Result "0-1"]

1. e4 {[%clk 01:40:57] [%emt 00:00:02]} e5 {[%clk 01:40:51] [%emt 00:00:10]} 2.
Nf3 {[%clk 01:41:21] [%emt 00:00:06]} Nc6 {[%clk 01:41:14] [%emt 00:00:07]} 3.
Bc4 {[%clk 01:41:44] [%emt 00:00:06]} Bc5 {[%clk 01:41:18] [%emt 00:00:26]} 4.
c3 {[%clk 01:42:11] [%emt 00:00:04]} Nf6 {[%clk 01:41:40] [%emt 00:00:08]} 5. d3
{[%clk 01:42:28] [%emt 00:00:12]} d6 {[%clk 01:41:52] [%emt 00:00:18]} 6. Bg5
{[%clk 01:42:54] [%emt 00:00:04]} h6 {[%clk 01:41:39] [%emt 00:00:43]} 7. Bh4
{[%clk 01:43:20] [%emt 00:00:05]} a5 {[%clk 01:40:58] [%emt 00:01:11]} 8. Nbd2
{[%clk 01:43:32] [%emt 00:00:17]} Ba7 {[%clk 01:41:02] [%emt 00:00:26]} 9. a4
{[%clk 01:43:40] [%emt 00:00:22]} Qe7 {[%clk 01:40:09] [%emt 00:01:23]} 10. O-O
{[%clk 01:44:00] [%emt 00:00:10]} g5 {[%clk 01:35:07] [%emt 00:05:32]} 11. Bg3
{[%clk 01:44:27] [%emt 00:00:04]} Nd7 {[%clk 01:35:25] [%emt 00:00:12]} 12. Bb5
{[%clk 01:44:14] [%emt 00:00:43]} h5 {[%clk 01:34:42] [%emt 00:01:11]} 13. h4
{[%clk 01:43:45] [%emt 00:00:58]} g4 {[%clk 01:34:57] [%emt 00:00:16]} 14. Ne1
{[%clk 01:44:12] [%emt 00:00:03]} Nf8 {[%clk 01:33:43] [%emt 00:01:44]} 15. d4
{[%clk 01:43:06] [%emt 00:01:37]} Ng6 {[%clk 01:31:24] [%emt 00:02:48]} 16. Nc4
{[%clk 01:19:41] [%emt 00:23:55]} exd4 {[%clk 01:14:30] [%emt 00:17:24]} 17.
cxd4 {[%clk 00:51:11] [%emt 00:29:00]} O-O {[%clk 01:13:04] [%emt 00:01:57]} 18.
Nc2 {[%clk 00:49:08] [%emt 00:02:32]} f5 {[%clk 01:02:42] [%emt 00:10:52]} 19.
exf5 {[%clk 00:45:37] [%emt 00:04:01]} Nxh4 {[%clk 01:01:48] [%emt 00:01:24]}
20. Bxc6 {[%clk 00:28:47] [%emt 00:17:20]} bxc6 {[%clk 01:01:38] [%emt
00:00:39]} 21. Re1 {[%clk 00:22:18] [%emt 00:06:59]} Qf6 {[%clk 00:57:55] [%emt
00:04:13]} 22. Bxh4 {[%clk 00:21:18] [%emt 00:01:30]} Qxh4 {[%clk 00:58:17]
[%emt 00:00:08]} 23. Nxa5 {[%clk 00:20:28] [%emt 00:01:20]} Bd7 {[%clk 00:52:11]
[%emt 00:06:36]} 24. g3 {[%clk 00:18:54] [%emt 00:02:04]} Qf6 {[%clk 00:49:44]
[%emt 00:02:56]} 25. Qd2 {[%clk 00:18:07] [%emt 00:01:17]} Rf7 {[%clk 00:43:21]
[%emt 00:06:53]} 26. Rad1 {[%clk 00:13:02] [%emt 00:05:36]} Qxf5 {[%clk
00:42:44] [%emt 00:01:07]} 27. Ne3 {[%clk 00:11:22] [%emt 00:02:10]} Qf6 {[%clk
00:38:06] [%emt 00:05:07]} 28. Nac4 {[%clk 00:07:43] [%emt 00:04:10]} Raf8
{[%clk 00:23:57] [%emt 00:14:39]} 29. Re2 {[%clk 00:07:20] [%emt 00:00:53]} Be6
{[%clk 00:18:11] [%emt 00:06:16]} 30. b3 {[%clk 00:05:27] [%emt 00:02:23]} h4
{[%clk 00:16:31] [%emt 00:02:09]} 31. Ng2 {[%clk 00:03:00] [%emt 00:02:57]} hxg3
{[%clk 00:14:43] [%emt 00:02:19]} 32. fxg3 {[%clk 00:03:06] [%emt 00:00:23]} Bd5
{[%clk 00:14:46] [%emt 00:00:28]} 33. Nf4 {[%clk 00:01:34] [%emt 00:02:03]} Bf3
{[%clk 00:05:55] [%emt 00:09:21]} 34. Re6 {[%clk 00:01:51] [%emt 00:00:12]} Qh8
{[%clk 00:05:56] [%emt 00:00:29]} 35. Rg6+ {[%clk 00:01:42] [%emt 00:00:40]} Rg7
{[%clk 00:06:17] [%emt 00:00:09]} 36. Rxg7+ {[%clk 00:01:33] [%emt 00:00:39]}
Qxg7 {[%clk 00:04:01] [%emt 00:02:46]} 37. Ne6 {[%clk 00:00:41] [%emt 00:01:23]}
Qf6 {[%clk 00:04:04] [%emt 00:00:26]} 38. Nxf8 {[%clk 00:00:41] [%emt 00:00:29]}
Bxd1 {[%clk 00:04:06] [%emt 00:00:29]} 39. Qxd1 {[%clk 00:00:37] [%emt
00:00:34]} Bxd4+ {[%clk 00:04:22] [%emt 00:00:14]} 40. Kg2 {[%clk 00:00:45]
[%emt 00:00:22]} Qf2+ {[%clk 00:04:39] [%emt 00:00:13]} 41. Kh1 {[%clk 00:01:14]
[%emt 00:00:01]} Kxf8 {[%clk 00:04:43] [%emt 00:00:25]} 42. b4 {[%clk 00:34:22]
[%emt 00:17:22]} d5 {[%clk 00:51:28] [%emt 00:03:45]} 43. Na5 {[%clk 00:33:51]
[%emt 00:01:01]} Be3 {[%clk 00:51:19] [%emt 00:00:39]} 44. Nc4 {[%clk 00:28:51]
[%emt 00:05:31]} dxc4 {[%clk 00:44:47] [%emt 00:07:02]} 45. Qd8+ {[%clk
00:29:15] [%emt 00:00:06]} Kg7 {[%clk 00:43:22] [%emt 00:01:55]} 46. Qxc7+
{[%clk 00:28:59] [%emt 00:00:46]} Qf7 {[%clk 00:43:08] [%emt 00:00:43]} 0-1

[Site "Europe Echecs"]